Enzymes / (Record no. 74620)
[ view plain ]
| 000 -LEADER | |
|---|---|
| fixed length control field | 00703nam a2200229 i 4500 |
| 001 - CONTROL NUMBER | |
| control field | 74620 |
| 003 - CONTROL NUMBER IDENTIFIER | |
| rucl marc code | BD-RjUL |
| 005 - DATE AND TIME OF LATEST TRANSACTION | |
| control field | 20211209082559.0 |
| 008 - FIXED-LENGTH DATA ELEMENTS--GENERAL INFORMATION | |
| fixed length control field | 181105r19601958-uk b 000 0 eng |
| 035 ## - SYSTEM CONTROL NUMBER | |
| System control number | (BD-RjUL)74838 |
| 040 ## - CATALOGING SOURCE | |
| Original cataloging agency | DLC |
| Transcribing agency | DLC |
| Modifying agency | BD-RjUL |
| Language of cataloging | eng |
| 041 ## - LANGUAGE CODE | |
| Language code of text/sound track or separate title | eng |
| 082 00 - DEWEY DECIMAL CLASSIFICATION NUMBER | |
| Edition number | 23 |
| Classification number | 572.7 |
| Author mark and year | DIE 1960 |
| 100 1# - MAIN ENTRY--PERSONAL NAME | |
| Personal name | Dixon, Malcolm, |
| Dates associated with a name | 1899- |
| 9 (RLIN) | 33713 |
| 245 10 - TITLE STATEMENT | |
| Title | Enzymes / |
| Statement of responsibility, etc. | Malcolm Dixon and Edwin C. Webb |
| 260 ## - PUBLICATION, DISTRIBUTION, ETC. (IMPRINT) | |
| Place of publication, distribution, etc. | London : |
| Name of publisher, distributor, etc. | Longmans, Green and Co Ltd., |
| Date of publication, distribution, etc. | 1958 [impression 1960] |
| 300 ## - PHYSICAL DESCRIPTION | |
| Pagination | 782 pages : |
| Illustrations | illustrations ; |
| Size | 24 cm. |
| 504 ## - BIBLIOGRAPHY, ETC. NOTE | |
| Bibliography, etc | Includes bibliography and index. |
| 650 #0 - SUBJECT ADDED ENTRY--TOPICAL TERM | |
| Topical term or geographic name as entry element | Enzymes. |
| 9 (RLIN) | 33714 |
| 700 1# - ADDED ENTRY--PERSONAL NAME | |
| Personal name | Webb, Edwin C. |
| Fuller form of name | (Edwin Clifford), |
| 942 ## - ADDED ENTRY ELEMENTS (KOHA) | |
| Source of classification or shelving scheme | Dewey Decimal Classification |
| Koha item type | Books |
| Lost status | Source of classification or shelving scheme | Damaged status | Not for loan | Collection code | Permanent Location | Current Location | Shelving location | Date acquired | Source of acquisition | Total Checkouts | Full call number | Date last seen | Copy number | Koha item type |
|---|---|---|---|---|---|---|---|---|---|---|---|---|---|---|
| Dewey Decimal Classification | Not For Loan | Non-fiction | Central Library, University of Rajshahi | Central Library, University of Rajshahi | Reading Room | 09/12/2021 | UK. colombo Plan | 572.7 DIE 1960 | 05/11/2018 | C-1 | Books |